Lanean...
| LEADER | 00587nam a2200193Ia 4500 | ||
|---|---|---|---|
| 008 | 140306s9999 xx 000 0 und d | ||
| 041 | |a eng | ||
| 082 | |a 330 |b RIC/EC | ||
| 100 | |a Richard stone | ||
| 700 | |a William, Peterson | ||
| 245 | |a Econometric contributions to public policy | ||
| 260 | |a London |b Macmillan |c 1978 | ||
| 300 | |a 463 | ||
| 650 | |a Planning | ||
| 650 | |a Taxation | ||
| 650 | |a Trade | ||
| 942 | |2 ddc |c BK | ||
| 999 | |c 119616 |d 119616 | ||
| 952 | |0 0 |1 0 |2 ddc |4 0 |6 330_000000000000000_RICEC |7 0 |9 118770 |a KAUHCV |b KAUHCV |d 2004-05-05 |o 330 RIC/EC |p KAU_HCV-10528 |r 2014-03-22 |w 2014-03-22 |y BK | ||